LEADER 01688nam 2200565 a 450 001 9910459771103321 005 20200520144314.0 010 $a1-61728-579-X 035 $a(CKB)2670000000041947 035 $a(EBL)3020687 035 $a(SSID)ssj0000428258 035 $a(PQKBManifestationID)12148780 035 $a(PQKBTitleCode)TC0000428258 035 $a(PQKBWorkID)10413787 035 $a(PQKB)10795547 035 $a(MiAaPQ)EBC3020687 035 $a(Au-PeEL)EBL3020687 035 $a(CaPaEBR)ebr10680825 035 $a(OCoLC)662457956 035 $a(EXLCZ)992670000000041947 100 $a20090622d2009 uy 0 101 0 $aeng 135 $aur|n|---||||| 181 $ctxt 182 $cc 183 $acr 200 00$aSludge$b[electronic resource] $etypes, treatment processes and disposal /$fRichard E. Baily, editor 210 $aHauppauge N.Y. $cNova Science Publishers$dc2009 215 $a1 online resource (335 p.) 225 1 $aAir, water and soil science and technology series 300 $aIncludes index. 311 $a1-60741-842-8 320 $aIncludes bibliographical references and index. 410 0$aAir, water and soil pollution science and technology series. 606 $aSewage sludge 606 $aSewage$xPurification 606 $aSewage disposal 608 $aElectronic books. 615 0$aSewage sludge. 615 0$aSewage$xPurification. 615 0$aSewage disposal. 676 $a628.3/64 701 $aBaily$b Richard E$0887706 801 0$bMiAaPQ 801 1$bMiAaPQ 801 2$bMiAaPQ 906 $aBOOK 912 $a9910459771103321 996 $aSludge$91982978 997 $aUNINA LEADER 03686 am 2200637 n 450 001 9910131505403321 005 20150519 010 $a2-7535-3784-4 024 7 $a10.4000/books.pur.12479 035 $a(CKB)3710000000445623 035 $a(FrMaCLE)OB-pur-12479 035 $a(oapen)https://directory.doabooks.org/handle/20.500.12854/49049 035 $a(PPN)267955499 035 $a(EXLCZ)993710000000445623 100 $a20150717j|||||||| ||| 0 101 0 $afre 135 $auu||||||m|||| 181 $ctxt$2rdacontent 182 $cc$2rdamedia 183 $acr$2rdacarrier 200 10$aHabiter Le Corbusier $ePratiques sociales et théorie architecturale /$fSylvette Denèfle, Sabrina Bresson, Annie Dussuet, Nicole Roux 210 $aRennes $cPresses universitaires de Rennes$d2015 215 $a1 online resource (312 p.) 311 $a2-7535-0298-6 330 $aHistoriens, architectes, urbanistes ont contribué très largement à la connaissance de Charles-Edouard Jeanneret, dit Le Corbusier, qui, par la place phare qu?il a occupée dans la production architecturale, artistique et urbanistique mondiale, ne laisse personne indifférent. Cependant le bilan social des réalisations de ce grand architexte n?a que très rarement fait l?objet d?une expertise sociologique. Comment vit-on dans l?architecture de Le Corbusier ? Quelles implications ses conceptions urbanistiques ont-elles eues sur la vie des habitants ? L?architecture moderne a-t-elle répondu à ses promesses ainsi qu?aux attentes des utilisateurs ? Deux ans d?enquête auprès des habitants de la Maison Radieuse de Rezé, une des cinq unités d?habitation de grandeur conforme réalisées par Le Corbusier, ont permis de confronter les conceptions de l?architecte à la réalité des pratiques habitantes. L?étude explore les modes de vie, les choix résidentiels, les aménagements, les sociabilités, les rapports à l?environnement paysager et urbain dans une perspective de comparaison avec les projets et les théories de Le Corbusier. Elle invite à entrer à l?intérieur d?une unité pour comprendre comment on y a vécu pendant ces cinquante dernières années et comment on y vit encore au quotidien. La recherche met en évidence le rapport identitaire des habitants à la Maison Radieuse, voire à l?architecture et à l?architecte ; elle montre comment les grandes transformations sociales et économiques du XXe siècle rencontrent ce projet avant-gardiste ; elle souligne les évolutions d?un habitat social stigmatisé comme tel et cependant classé au titre des Monuments Historiques. 606 $aArchitecture 606 $aSociology 606 $alogement social 606 $aarchitecture moderne 606 $aUnité d'habitation Le Corbusier 606 $asociologie 606 $asociologie urbaine 606 $ahistoire sociale 610 $aUnité d'habitation Le Corbusier 610 $aarchitecture moderne 610 $asociologie urbaine 610 $alogement social 610 $ahistoire sociale 610 $asociologie 615 4$aArchitecture 615 4$aSociology 615 4$alogement social 615 4$aarchitecture moderne 615 4$aUnité d'habitation Le Corbusier 615 4$asociologie 615 4$asociologie urbaine 615 4$ahistoire sociale 700 $aDenèfle$b Sylvette$0546175 701 $aBresson$b Sabrina$01287291 701 $aDussuet$b Annie$01287292 701 $aRoux$b Nicole$01287293 801 0$bFR-FrMaCLE 906 $aBOOK 912 $a9910131505403321 996 $aHabiter Le Corbusier$93020143 997 $aUNINA